<?xml version="1.0" encoding="UTF-8"?>
<record
    xmlns:xsi="http://www.w3.org/2001/XMLSchema-instance"
    xsi:schemaLocation="http://www.loc.gov/MARC21/slim http://www.loc.gov/standards/marcxml/schema/MARC21slim.xsd"
    xmlns="http://www.loc.gov/MARC21/slim">

  <leader>00541nam a22001217a 4500</leader>
  <datafield tag="040" ind1=" " ind2=" ">
    <subfield code="c">HS</subfield>
  </datafield>
  <datafield tag="082" ind1=" " ind2=" ">
    <subfield code="a">333</subfield>
  </datafield>
  <datafield tag="100" ind1=" " ind2=" ">
    <subfield code="a">&#x178F;&#x17D2;&#x179A;&#x17B6;&#x1793;&#x200B;&#x200B; &#x1790;&#x17B6;&#x1793;&#x17CB;&#x1780;&#x17B6;&#x1789;&#x17CB; TRAN THANH CHANH</subfield>
  </datafield>
  <datafield tag="245" ind1=" " ind2=" ">
    <subfield code="a">&#x178A;&#x17B8; &#x1793;&#x17B7;&#x1784; &#x1796;&#x17D2;&#x179A;&#x17C3;&#x1780;&#x1798;&#x17D2;&#x1796;&#x17BB;&#x1787;&#x17B6; sols et vegetation forestiere du cambodge octobre 1994</subfield>
  </datafield>
  <datafield tag="260" ind1=" " ind2=" ">
    <subfield code="a">&#x179F;&#x1798;&#x17B6;&#x1782;&#x1798;&#x1798;&#x17B7;&#x178F;&#x17D2;&#x178F;&#x1797;&#x17B6;&#x1796;&#x17A2;&#x17D2;&#x1793;&#x1780;&#x1794;&#x1785;&#x17D2;&#x1785;&#x17C1;&#x1780;&#x1791;&#x17C1;&#x179F;&#x1780;&#x179F;&#x17B7;&#x1780;&#x1798;&#x17D2;&#x1798;&#x1781;&#x17D2;&#x1798;&#x17C2;&#x179A;</subfield>
    <subfield code="b">&#x1793;&#x17B6;&#x1799;&#x1780;&#x178A;&#x17D2;&#x1793;&#x17B6;&#x1793; &#x179A;&#x17BB;&#x1780;&#x17D2;&#x1781;&#x17B6;&#x1794;&#x17D2;&#x179A;&#x1798;&#x17B6;&#x1789;&#x17CB;</subfield>
    <subfield code="c">1994</subfield>
  </datafield>
  <datafield tag="300" ind1=" " ind2=" ">
    <subfield code="a">152p;</subfield>
  </datafield>
  <datafield tag="942" ind1=" " ind2=" ">
    <subfield code="c">KB</subfield>
  </datafield>
  <datafield tag="999" ind1=" " ind2=" ">
    <subfield code="c">9027</subfield>
    <subfield code="d">9027</subfield>
  </datafield>
  <datafield tag="952" ind1=" " ind2=" ">
    <subfield code="0">0</subfield>
    <subfield code="1">0</subfield>
    <subfield code="4">0</subfield>
    <subfield code="6">600_000000000000000_TRA_1995_C254</subfield>
    <subfield code="7">0</subfield>
    <subfield code="9">50512</subfield>
    <subfield code="a">LBC</subfield>
    <subfield code="b">LBC</subfield>
    <subfield code="c">C254</subfield>
    <subfield code="d">2016-08-23</subfield>
    <subfield code="o">600 TRA 1995 C254</subfield>
    <subfield code="p">RUA042982</subfield>
    <subfield code="r">2016-08-23</subfield>
    <subfield code="y">KB</subfield>
  </datafield>
  <datafield tag="952" ind1=" " ind2=" ">
    <subfield code="0">0</subfield>
    <subfield code="1">0</subfield>
    <subfield code="4">0</subfield>
    <subfield code="6">600_000000000000000_TRA_1995_C254</subfield>
    <subfield code="7">0</subfield>
    <subfield code="9">50524</subfield>
    <subfield code="a">LBC</subfield>
    <subfield code="b">LBC</subfield>
    <subfield code="c">C254</subfield>
    <subfield code="d">2016-08-23</subfield>
    <subfield code="o">600 TRA 1995 C254</subfield>
    <subfield code="p">RUA042668</subfield>
    <subfield code="r">2016-08-23</subfield>
    <subfield code="y">KB</subfield>
  </datafield>
  <datafield tag="952" ind1=" " ind2=" ">
    <subfield code="0">0</subfield>
    <subfield code="1">0</subfield>
    <subfield code="4">0</subfield>
    <subfield code="6">333_000000000000000_TRA_1995_C193</subfield>
    <subfield code="7">0</subfield>
    <subfield code="9">51203</subfield>
    <subfield code="a">LBC</subfield>
    <subfield code="b">LBC</subfield>
    <subfield code="c">C193</subfield>
    <subfield code="d">2016-08-31</subfield>
    <subfield code="o">333 TRA 1995 C193</subfield>
    <subfield code="p">RUA042963</subfield>
    <subfield code="r">2016-08-31</subfield>
    <subfield code="y">KB</subfield>
  </datafield>
  <datafield tag="952" ind1=" " ind2=" ">
    <subfield code="0">0</subfield>
    <subfield code="1">0</subfield>
    <subfield code="4">0</subfield>
    <subfield code="6">600_TRA_1995_000000000000000_C193</subfield>
    <subfield code="7">0</subfield>
    <subfield code="9">51204</subfield>
    <subfield code="a">LBC</subfield>
    <subfield code="b">LBC</subfield>
    <subfield code="c">C193</subfield>
    <subfield code="d">2016-08-31</subfield>
    <subfield code="o">600&#x200B;&#x200B;&#x200B;&#x200B; TRA 1995 C193</subfield>
    <subfield code="p">RUA061404</subfield>
    <subfield code="r">2016-08-31</subfield>
    <subfield code="y">KB</subfield>
  </datafield>
  <datafield tag="952" ind1=" " ind2=" ">
    <subfield code="0">0</subfield>
    <subfield code="1">0</subfield>
    <subfield code="4">0</subfield>
    <subfield code="6">600_TRA_1995_000000000000000_C193</subfield>
    <subfield code="7">0</subfield>
    <subfield code="9">51259</subfield>
    <subfield code="a">LBC</subfield>
    <subfield code="b">LBC</subfield>
    <subfield code="c">C193</subfield>
    <subfield code="d">2016-08-31</subfield>
    <subfield code="o">600&#x200B; TRA 1995 C193</subfield>
    <subfield code="p">RUA043283</subfield>
    <subfield code="r">2016-08-31</subfield>
    <subfield code="y">KB</subfield>
  </datafield>
  <datafield tag="952" ind1=" " ind2=" ">
    <subfield code="0">0</subfield>
    <subfield code="1">0</subfield>
    <subfield code="4">0</subfield>
    <subfield code="6">600_TRA_1995_000000000000000_C250</subfield>
    <subfield code="7">0</subfield>
    <subfield code="9">51565</subfield>
    <subfield code="a">LBC</subfield>
    <subfield code="b">LBC</subfield>
    <subfield code="c">C250</subfield>
    <subfield code="d">2016-09-05</subfield>
    <subfield code="o">600&#x200B;&#x200B; TRA 1995 C250</subfield>
    <subfield code="p">RUA43735</subfield>
    <subfield code="r">2016-09-05</subfield>
    <subfield code="y">KB</subfield>
  </datafield>
  <datafield tag="952" ind1=" " ind2=" ">
    <subfield code="0">0</subfield>
    <subfield code="1">0</subfield>
    <subfield code="4">0</subfield>
    <subfield code="6">600_000000000000000_TRA_1995_C238</subfield>
    <subfield code="7">0</subfield>
    <subfield code="9">51682</subfield>
    <subfield code="a">LBC</subfield>
    <subfield code="b">LBC</subfield>
    <subfield code="c">C238</subfield>
    <subfield code="d">2016-09-06</subfield>
    <subfield code="o">600 TRA 1995 C238</subfield>
    <subfield code="p">RUA043293</subfield>
    <subfield code="r">2016-09-06</subfield>
    <subfield code="y">KB</subfield>
  </datafield>
</record>
